01260nam a22003017a 4500003000900000005001700009040002800026041001300054044000700067100002800074245008100102260006100183300004000244520031500284650001300599650002700612650001700639651003100656653002200687700003200709908000800741930001000749942001300759945002000772980004300792999001700835952010600852AR-RoUNA20260320112947.0 aAR-RoUNAbspadAR-RoUNA aspahspa aag1 aPadre Jose Marx 92764614aLas misiones jesuiticas /btexto Padre Jose Marx; fotos Maximilien Bruggmann aBuenos Aires, Argentina :bEditions San Ignacio,c[1974] a20 p.:bfot. col.bplanosc20x22 cm3 aEl documento, evoca las ruinas de la Misiones Jesuiticas como testimonio silencioso de una cultura que florecio en la selva y luego desaparecio. Describe el paso del tiempo, el abandono, destacando el legado espiritual y social de los misioneros jesuitas. Resaltando su labor evangelizadora y civilizadora.  4aHistoria 4aReducciones Jesuiticas 4aRestauracion 4aMisiones, Argentina927648 aPueblos Guaranies1 aBruggman, Maximilien927649 aImp e12306 2ddccLIB aMIAd2026-03-18 61aMaricel Allasia81gMaricel Allasia c12366d12366 00102cdu405070aAR-RoUNAbAR-RoUNAcArgd2026-03-18eDonl0o94(821.3) M392p18462tej. 1yLIBx